Samar

Athirah janda muda yang bakal dijodohkan dengan Syed Ammar, orang kuat ayahnya. Datuk Sahar merancang untuk menjadikan Syed Ammar sebagai pengganti untuk menerajui syarikatnya kerana tidak percayakan anak-anak lelakinya sendiri. Datin Saedah berkecil hati dengan Datuk Sahar yang telah lama meminggir...

Full description

Saved in:
Bibliographic Details
Main Author: Dayang Noor (Author)
Format: Book
Language:Malay
Published: Petaling Jaya, Selangor Fixi [2013]
Subjects:
Tags: Add Tag
No Tags, Be the first to tag this record!
Call Number :PL 5139.D366 SAM 2013

MARC

LEADER 00000nam a2200000 i 4500
001 98169
003 MY-KLNDU
005 20241220022433.0
008 221104 2013 my 000 1 may d
020 |a 9789670374437 
039 9 |a 202211041132  |b VLOAD  |c 201602240959  |d azraai  |c 201602231705  |d azraai  |y 201511231155  |z zubir 
040 |a UPNM  |b eng  |c UPNM  |e rda 
090 |a PL 5139.D366  |b SAM 2013 
100 0 |a Dayang Noor  |e author 
245 1 0 |a Samar  |c Dayang Noor 
264 1 |a Petaling Jaya, Selangor  |b Fixi  |c [2013] 
264 4 |c ©2013 
300 |a 310 pages  |c 19 cm 
336 |a text  |2 rdacontent 
337 |a unmediated  |2 rdamedia 
338 |a volume  |2 rdacarrier 
520 |a Athirah janda muda yang bakal dijodohkan dengan Syed Ammar, orang kuat ayahnya. Datuk Sahar merancang untuk menjadikan Syed Ammar sebagai pengganti untuk menerajui syarikatnya kerana tidak percayakan anak-anak lelakinya sendiri. Datin Saedah berkecil hati dengan Datuk Sahar yang telah lama meminggirkannya. Athirah cuba untuk menerima Syed Ammar tetapi hatinya lebih cenderung kepada Juan, eksekutif muda yang baru bekerja sebagai pembantu khas Syed Ammar. Kamarul Hisyam dan Amin, anak-anak Datuk Sahar menggunakan pelbagai taktik kotor untuk membuktikan kredibiliti. Watak-watak lain termasuk seorang pelacur pertengahan umur dan seorang pembunuh upahan yang licik. Ketika situasi mula meragut nyawa, beberapa rahsia SAMAR keluarga Datuk Sahar terdedah... 
592 |a IN17072  |b 26/1/16  |c RM19.90  |h Intrabakti 
650 0 |a Malay fiction 
999 |a vtls000054829  |c 98169  |d 98169